000
00309nam a2200133Ia 4500
999
_c
2487
_d
2487
020
_a
0-00-472110-1
082
_a
RR 423.1 CO;
245
0
_a
Collins concise thesaurus
260
_a
Glasgow
_b
HarperCollins Publishers
_c
2000
300
_a
824p.
650
_a
THESAURUS
700
_a
Gilmour, Lorna
942
_c
BK